| 000 | 00671nam a2200181Ia 4500 | ||
|---|---|---|---|
| 003 | IN-BaIIA | ||
| 008 | 211028s9999 xx 000 0 eng d | ||
| 040 | _cIIA Library | ||
| 080 |
_a081:53 _bBOR |
||
| 100 |
_aUniversity of Edinburgh _92859 |
||
| 245 | 0 |
_aScientific papers presented to max born on his retirement from the tait chair of natural philosophy in the university of edinburgh _cUniversity of Edinburgh |
|
| 260 |
_aLondon _bOliver and Boyd _c1953 |
||
| 300 | _a94p. | ||
| 650 | _aAstronomy and Astrophysics Thesaurus | ||
| 650 |
_aCollected Works-Max Born _92860 |
||
| 650 |
_aMax Born Collected Works _92861 |
||
| 942 | _cBK | ||
| 999 |
_c1397 _d1397 |
||